000 00411cam a2200169ua 4500
020 _c0.75
041 _amal
_h
082 _a894.812308
_bPAD/KU
100 _aMoidu, Padiyath .
245 _aKuppichillukal /
_cMoidu Padiyath.
_hTextual Documents
260 _aEranakulam :
_bPoomala Publications ,
_c1960.
300 _a66 ; .
365 _a0.75
504 _a
942 _cBK
999 _c4758
_d4758